LEADER 00835nam0 22002771i 450 001 990003869590403321 035 $a000386959 035 $aFED01000386959 035 $a(Aleph)000386959FED01 035 $a000386959 100 $a19960715d--------km-y0itay50------ba 101 0 $aita 102 $aIT 200 1 $aCompatible Prior Distributions for DAG Models$fby Alberto Roverato, Guido Consonni 225 1 $aMateriali di discussione$fDipartimento di economia politica. Università di Modena$v357 610 0 $aStatistica 676 $aB/3.1 700 1$aRoverato,$bAlberto$0374628 701 1$aConsonni,$bGuido$0146769 801 0$aIT$bUNINA$gRICA$2UNIMARC 901 $aBK 912 $a990003869590403321 959 $aSES 996 $aCompatible Prior Distributions for DAG Models$9514134 997 $aUNINA DB $aING01 LEADER 01519nam a2200301 i 4500 001 991001624559707536 005 20020502193102.0 008 950113s1990 it ||| | ita 020 $a8870583511 035 $ab10880884-39ule_inst 035 $aLE02373200$9ExL 040 $aDip.to Studi Storici$bita 082 0 $a759.5 100 1 $aCastiglione, Giovanni Benedetto$0326987 245 13$aIl genio di Giovanni Benedetto Castiglione :$bil Grechetto :$b[catalogo della mostra, Genova, Accademia Ligustica di Belle Arti, 27 gennaio- 1 Aprile 1990] /$csaggi di Gianvittorio Dillon, ... [et al.] 260 $aGenova :$bSagep,$cc1990 300 $a267 p. :$bill. (alcune col.), ports. ;$c27 cm. 500 $aBibliografia, p. 257-265. 500 $aIn testa al front.: Ministero per i beni culturali e ambientali, Comune di Genova, Università degli Studi di Genova, Accademia Linguistica di Belle arti. 600 14$aCastiglione, Giovanni Benedetto$xCataloghi 700 1 $aDillon, Gianvittorio$eauthor$4http://id.loc.gov/vocabulary/relators/aut$0215051 907 $a.b10880884$b02-04-14$c28-06-02 912 $a991001624559707536 945 $aLE023 759.5 CAS 1 1$g1$i2023000019238$lle023$o-$pE0.00$q-$rn$so $t0$u0$v0$w0$x0$y.i10988166$z28-06-02 945 $aLE023 759.5 CAS 1 1 bis$g1$i2023000019245$lle023$o-$pE0.00$q-$rl$s- $t0$u0$v0$w0$x0$y.i10988178$z28-06-02 996 $aGenio di Giovanni Benedetto Castiglione$91456212 997 $aUNISALENTO 998 $ale023$b01-01-95$cm$da $e-$fita$git $h3$i2 LEADER 05096nam 2200709Ia 450 001 9910144312403321 005 20200520144314.0 010 $a9786612112164 010 $a9781282112162 010 $a1282112163 010 $a9780470067000 010 $a0470067004 010 $a9780470067017 010 $a0470067012 035 $a(CKB)1000000000376432 035 $a(EBL)470090 035 $a(SSID)ssj0000354558 035 $a(PQKBManifestationID)11295336 035 $a(PQKBTitleCode)TC0000354558 035 $a(PQKBWorkID)10314150 035 $a(PQKB)10546844 035 $a(MiAaPQ)EBC470090 035 $a(OCoLC)86543637 035 $a(Perlego)2765300 035 $a(EXLCZ)991000000000376432 100 $a19870521d1968 uy 0 101 0 $aeng 135 $aur|n|---||||| 181 $ctxt 182 $cc 183 $acr 200 00$aOrganic reaction mechanisms$h1967$iAn annual survey covering the literature dated December 1966 to November 1967 /$fB. Capon, M.J. Perkins, C.W. Rees 210 $aLondon ;$aNew York $cInterscience Publishers$d1968 215 $a1 online resource (525 p.) 225 0 $aOrganic reaction mechanicsm ;$v1967 300 $aDescription based upon print version of record. 311 08$a9780470134771 311 08$a0470134771 320 $aIncludes bibliographical references and index. 327 $aORGANIC REACTION MECHANISMS 1967; Contents; Classical and Non-classical Carbonium Ions; Bicyclic Systems; Phenonium Ions; Participation by Double and Triple Bonds; Participation by Cyclopropane Rings; Cationio Opening of Cyclopropane Rings; Other Stable Carbonium Ions and Their Reactions; Nucleophilic Aliphatic Substitution; Ion-pair Phenomena and Borderline Mechanisms; Solvent Effects; Isotope Effects; Neighbouring-group Participation; Deaminations and Related Reactions; Fragmentation Reactions; Displacement Reactions at Elements Other than Carbon; Ambident Nucleophiles; Other Reactions 327 $aElectrophilic Aliphatic SubstitutionElimination Reactions; Addition Reactions; EIectrophilie Reactions; Addition of halogens; Related additions; Addition of hydrogen halides; Hydration and related additions; Epoxidation; Nudeophilio Additions; Radical Additions; Diels-Alder Reactions; Other Cydoddition Reaetions; 1,2-Cycloadditions; 1,3-Cycloadditions; Other cycloadditions and cyclizations; Nucleophilic Aromatic Substitution; Meisenheimer Complexes; Substitution in Polyfluoro-aromatic Compounds; Heterocyclic Systems; Other Reactions; Benzyne snd Related Intermediates 327 $aRadical and Electrophilic Aromatic SubstitutionRadical Substitution; Electrophilic Substitution; Molecular Rearrangements; Aromatic Rearrangements; Cope and Relatad Rearrangements: Valence-bond Isomerhation; Intramolecular Hydrogen Migrations; Radical Rearrangements; Heterocyclic Rearrangements; Other Rearrangements; Radical Reactions; Produotion of Itadid; Reactions of Radicals; Radical abstraction and displacement processes; Oxygen and nitrogen radicals; Radical ions; Miscellaneous data on free radicals; Carbenes and Nitrenes; Reactions of Aldehydes and Ketones and their Derivatives 327 $aFormation and Reactions of Acetals and KetalsHydration of Aldehydes and Ketones and Related Reactions; Reactions with Nitrogen Bases; Enolization and Related Reactions; Other Reactions; Reactions of Acids and their Derivatives; Carboxylia Acide; Tetrahedral intermediates; Intermolecular Catalysis; Intramolecular catalysis and neighbouring-group participation; Association-prefaced catalysis; Metal-ion catalysis; Enzymic catalysis; Other reactions; Non-Carboxylio Aoids; Phosphorus-containing acids; Sulphur-containing acids; Nitrogen-containing acids; Photochemistry; Carbonyl Compounds 327 $aCompounds with Three-membered Rings or Olefinic UnsaturationAromatic componnds; Miscellaneous; Oxidations and Reductions; Ozonolysis; Oxidations by Metallic Ions; Other Oxidations; Reductions; Hydrogenations; Author Index 1967; Subject Index,Cumulative, 1965 to 1967; Errata for Organic Reaction Mechanisms, 1965; Errata for Organic Reaction Mechanisms, 1966 330 $aThis annual series on organic reaction mechanisms research provides concise, comprehensive coverage of the year's literature as well as discussions of important results. The present volume either discusses or lists all published work dated from December to November inclusive, that deals significantly with any aspect of organic reaction mechanisms. 410 0$aOrganic Reaction Mechanisms Series 606 $aChemistry, Organic 606 $aOrganic reaction mechanisms 615 0$aChemistry, Organic. 615 0$aOrganic reaction mechanisms. 676 $a547.139 676 $a547.2 701 $aCapon$b B$0857122 701 $aPerkins$b M. J$0857121 701 $aRees$b Charles W$g(Charles Wayne)$012568 801 0$bMiAaPQ 801 1$bMiAaPQ 801 2$bMiAaPQ 906 $aBOOK 912 $a9910144312403321 996 $aOrganic reaction mechanisms$92258781 997 $aUNINA